Thuyền trưởng và đại úy
Αποθηκεύτηκε σε:
| Κύριος συγγραφέας: | |
|---|---|
| Μορφή: | Βιβλίο |
| Ετικέτες: |
Προσθήκη ετικέτας
Δεν υπάρχουν, Καταχωρήστε ετικέτα πρώτοι!
|
| Thư viện lưu trữ: | Mạng thư viện Đại học Đà Nẵng |
|---|
| LEADER | 00717nam a2200241 4500 | ||
|---|---|---|---|
| 001 | 000004993 | ||
| 003 | 1135 | ||
| 005 | 20150812140828.0 | ||
| 008 | 110808s sd | ||
| 041 | 0 | |a 70000đ | |
| 082 | 1 | |a 891.7 |b CA V | |
| 100 | 0 | |a V. Ca-Vê-Rin | |
| 245 | 0 | 0 | |a Thuyền trưởng và đại úy |c V. Ca-Vê-Rin |
| 774 | |a CA-Vê-Rin.V |b Tái bản |d 2004 |d Hội nhà văn |d 2004 |g T.1 |h 603 tr |w 1138 | ||
| 774 | |a CA-Vê-Rin.V |b Tái bản |d 2004 |d Hội nhà văn |d 2004 |g T.2 |h 507 tr |w 1140 | ||
| OWN | |a LSP | ||
| 999 | |a From the UDN01 | ||
| TYP | |a Monograph | ||
| TYP | |a Printed language | ||
| 980 | |a Mạng thư viện Đại học Đà Nẵng | ||